Afroasian Countries - Sudden Death - Statistics

General Stats
  • This quiz has been taken 25 times
  • The average score is 12 of 18
Answers on the Grid
Answers color-coded by a green-red scale on the quiz's grid according to % correct below.
Albania
Algeria
Andorra
Angola
Armenia

Belize
Benin
Bolivia
Brunei
Burkina Faso
Cape Verde
Comoros
Costa Rica
Cyprus
Dominica
Eritrea
Fiji
Guinea
Ivory Coast
Jamaica
Kosovo
Kuwait
Malta
Micronesia
Moldova
Nepal
Nauru
Nicaragua
Palau
São Tomé and Príncipe
Saint Kitts and Nevis
Seychelles
Tanzania
Turkey
Tuvalu
Vanuatu
 
Answer Stats
Answer % Correct
Africa Algeria
91%
Africa Eritrea
91%
Africa Burkina Faso
82%
Africa Benin
73%
Africa Ivory Coast
73%
Asia Kuwait
73%
Africa Tanzania
73%
Africa Angola
64%
Africa Cape Verde
64%
Asia Nepal
64%
Africa Seychelles
64%
Asia Turkey
64%
Asia Armenia
55%
Asia Brunei
55%
Africa Guinea
55%
Africa Comoros
45%
Asia Cyprus
45%
Africa São Tomé and Príncipe
45%
No matching quizzes found
Score Distribution
Percent of People with Each Score
Percentile by Number Answered
Your Score History
You have not taken this quiz